रानगंधाचे गारूड : (Record no. 55662)

MARC details
000 -LEADER
fixed length control field 01059nam a22002417a 4500
005 - DATE AND TIME OF LATEST TRANSACTION
control field 20150324104650.0
008 - FIXED-LENGTH DATA ELEMENTS--GENERAL INFORMATION
fixed length control field 110810t xxu||||| |||| 00| 0 mar d
010 ## - LCCN (DPL NO)
LC control number MAR-21238
020 ## - INTERNATIONAL STANDARD BOOK NUMBER
Terms of availability 350.00
International Standard Book Number 9788177864663
035 ## - SYSTEM CONTROL NUMBER
System control number MR-13896
037 ## - SOURCE OF ACQUISITION
Source of stock number/acquisition DBAD/PUB
040 ## - CATALOGING SOURCE
Original cataloging agency DPL
Language of cataloging MR
082 ## - DEWEY DECIMAL CLASSIFICATION NUMBER
Classification number 891.466
245 ## - TITLE STATEMENT
Title रानगंधाचे गारूड :
Statement of responsibility, etc प्रकाश होळकर द्वारा संपादित
Remainder of title ना. धों. महानोर यांचा निवडक पत्रसंग्रह /
246 ## - VARYING FORM OF TITLE
Title proper/short title Raanagandhaache Gaarud
260 ## - PUBLICATION, DISTRIBUTION, ETC. (IMPRINT)
Place of publication, distribution, etc औरंगाबाद
Name of publisher, distributor, etc साकेत प्रकाशन
Date of publication, distribution, etc 2008
270 ## - ADDRESS
Address 115,म.गांधीनगर,स्टेशनरोड,
City औरंगाबाद
Postal code 431005
300 ## - PHYSICAL DESCRIPTION
Extent तेरा,272पृ.
Dimensions 25सेमी(सजिल्द)
650 ## - SUBJECT ADDED ENTRY--TOPICAL TERM
Topical term or geographic name as entry element पत्र
9 (RLIN) 32964
650 ## - SUBJECT ADDED ENTRY--TOPICAL TERM
Topical term or geographic name as entry element Letters
9 (RLIN) 32965
700 ## - ADDED ENTRY--PERSONAL NAME
Personal name होळकर,प्रकाश
9 (RLIN) 33146
942 ## - ADDED ENTRY ELEMENTS (KOHA)
Source of classification or shelving scheme Dewey Decimal Classification
Item type Marathi Books
Classification part 891.466
Call number suffix रानगं
Holdings
Withdrawn status Lost status Source of classification or shelving scheme Damaged status Not for loan Collection code Home library Current library Date acquired Source of acquisition Cost, normal purchase price Total Checkouts Full call number Barcode Date last seen Copy number Cost, replacement price Koha item type
    Dewey Decimal Classification   Not For Loan Non-fiction D.B.Act.Division D.B.Act.Division 19/08/2011 DBAD / PUB 350.00   891.466 रानगं MR-13896 19/08/2011 1 350.00 Marathi Books

© Delhi Public Library
Hit Counter
free hit counter